[Event "Continental Class-ch 4th"]
[Site "Arlington"]
[Date "2013.10.12"]
[Round "5"]
[White "Pressman, Leif"]
[Black "Homa, Seth"]
[Result "1/2-1/2"]
[WhiteElo "2250"]
[BlackElo "2351"]
[PlyCount "127"]
[EventDate "2013.10.09"]
[EventType "swiss"]
[EventRounds "9"]
[EventCountry "USA"]
[SourceTitle "CBM 156 Extra"]
[Source "ChessBase"]
[SourceDate "2013.10.22"]
[SourceVersion "1"]
[SourceVersionDate "2013.10.22"]
[SourceQuality "1"]

1. e4 c5 2. Nf3 e6 3. d4 cxd4 4. Nxd4 Nc6 5. Nc3 Qc7 6. Be2 a6 7. Be3 Nf6 8. 0-0 Bb4 9. Nxc6 bxc6 10. f4 Bxc3 11. bxc3 c5 12. Bf3 Bb7 13. e5 Nd5 14. Qd2 0-0 15. Bf2 c4 16. Bd4 f5 17. Rab1 Rac8 18. Kh1 Ba8 19. Bxd5 Bxd5 20. Rb6 Rb8 21. Rxa6 Ra8 22. Rxa8 Rxa8 23. Ra1 Qb7 24. a4 Qc6 25. Kg1 Rxa4 26. Rxa4 Qxa4 27. h3 Qa1+ 28. Kh2 Qf1 29. Bc5 h6 30. Be3 Kh7 31. Qf2 Qd1 32. Qd2 Qb1 33. Qf2 Be4 34. Qd2 Qb5 35. Bd4 Qa4 36. Bc5 Bxc2 37. Bd4 Be4 38. Bc5 Qa1 39. Bd4 Qf1 40. Be3 Bd5 41. Bd4 Kg8 42. Be3 Qb1 43. Bc5 Qe4 44. Bd4 Kh7 45. Kg1 Bc6 46. Kh2 Kg6 47. Kg1 Kf7 48. Kh2 Ke8 49. Kg1 Qb1+ 50. Kh2 Qf1 51. Be3 g5 52. fxg5 f4 53. Qf2 Qxf2 54. Bxf2 hxg5 55. g3 Kf7 56. h4 Kg6 57. hxg5 Kxg5 58. gxf4+ Kxf4 59. Bd4 Ke4 60. Kg3 d6 61. exd6 e5 62. Bb6 Kd3 63. Ba5 Ke2 64. Bb6 1/2-1/2